Word Vocabulary - SK - Statistics

General Stats
  • This quiz has been taken 196 times
    186 since last reset
  • The average score is 18 of 38
Answer Stats
word % Correct
ska
98%
ski
97%
skill
89%
skin
88%
skip
88%
skim
87%
skat
85%
skit
82%
skid
77%
sky
76%
skate
73%
skull
73%
skirt
68%
skew
61%
skimp
60%
skag
59%
skunk
58%
skint
53%
skiff
52%
skink
51%
skeet
46%
skank
41%
sketch
40%
skein
36%
skive
34%
skep
33%
skeg
27%
skirl
23%
skulk
23%
skirr
15%
skoal
8%
skald
7%
skosh
7%
skua
7%
skene
6%
skelp
5%
skean
4%
skelm
4%
No matching quizzes found
Score Distribution
Percent of People with Each Score
Percentile by Number Answered
Your Score History
You have not taken this quiz since the last reset